000 00955nam a2200169 4500
003 CO-ViMGA
020 _a9789581804641
040 _aCO-ViMGA
_bspa
_cCO-ViMGA
082 0 4 _a303.6609861
_bO23b7
245 1 0 _aBiblioteca del proceso de paz con las FARC-EP, tomo 7
_bLos mecanismos e instancias de participación de la mesa de conversaciones y la construcción de paz desde los territorios
_cOficina del Alto Comisionado para la Paz, Presidencia de la República
260 _aBogotá
_bOficina del Alto Comisionado para la Paz
300 _a575 [8] páginas
_bfotografías en blanco y negro , 22 cm
500 _aEn el subtítulo: Mecanismos de participación de la Mesa de Conversaciones, la Subcomisión de Género, el Capítulo tnico y la construcción de paz desde los territorios 2012-2016 \ Recomendado para público adulto
650 1 4 _aAcuerdos De Paz - Colombia
_911982
650 1 4 _aProcesos De Paz Historia - Colombia
_913387
942 _2ddc
_cBK
999 _c11861
_d11861